Structure and Properties of Alloyage Zone of Nitrogen-Containing Coating with Steel Base at Electron_Radial Welding Deposition; Modern Technique and Technologies (MTT' 2005)

Podrobná bibliografie
Parent link:Modern Technique and Technologies (MTT' 2005).— 2005.— [P. 126-127]
Hlavní autor: Darenskaya E. A. Elena Anatolievna
Další autoři: Narkevich N. A., Mironov Ju. P.
Shrnutí:Title screen
Operating characteristics of metals with coatings made by different methods are often determined by the structure of transition zone from coating to the base. This problem is of significant importance in welding and welding deposition of steels possessing different structural classes as intermediate layer of mated between each other deformed austenite and ferrite grating is formed in the zone of alloying. The authors investigated the structure and phase composition of coating based on steel Cr20AG20 obtained by electron-ray welding deposition however alloying zone was not practically investigated in so doing. The task of studying alloying zone seems to be more actual as it is just this zone determines advesive properties of coating and consequently article working capacity on the whole.
Режим доступа: по договору с организацией-держателем ресурса
Jazyk:angličtina
Vydáno: 2005
Témata:
On-line přístup:https://doi.org/10.1109/SPCMTT.2005.4493219
Médium: Elektronický zdroj Kapitola
KOHA link:https://koha.lib.tpu.ru/cgi-bin/koha/opac-detail.pl?biblionumber=637991

MARC

LEADER 00000nla2a2200000 4500
001 637991
005 20231218153837.0
035 |a (RuTPU)RU\TPU\network\2192 
035 |a RU\TPU\network\1123 
090 |a 637991 
100 |a 20141118a2005 k y0rusy50 ba 
101 0 |a eng 
102 |a RU 
105 |a a z 101zy 
135 |a drcn ---uucaa 
181 0 |a i  
182 0 |a b 
200 1 |a Structure and Properties of Alloyage Zone of Nitrogen-Containing Coating with Steel Base at Electron_Radial Welding Deposition  |f E. A. Ivanova, N. A. Narkevich, Ju. P. Mironov 
203 |a Text  |c electronic 
300 |a Title screen 
320 |a [References: p. 127 (2 tit.)] 
330 |a Operating characteristics of metals with coatings made by different methods are often determined by the structure of transition zone from coating to the base. This problem is of significant importance in welding and welding deposition of steels possessing different structural classes as intermediate layer of mated between each other deformed austenite and ferrite grating is formed in the zone of alloying. The authors investigated the structure and phase composition of coating based on steel Cr20AG20 obtained by electron-ray welding deposition however alloying zone was not practically investigated in so doing. The task of studying alloying zone seems to be more actual as it is just this zone determines advesive properties of coating and consequently article working capacity on the whole. 
333 |a Режим доступа: по договору с организацией-держателем ресурса 
463 0 |0 (RuTPU)RU\TPU\network\2208  |t Modern Technique and Technologies (MTT' 2005)  |o proceedings of the 11th International Scientific and Practical Conference of Students, Post-graduates and Young Scientists, Tomsk, 21-27 March, 2005  |f National Research Tomsk Polytechnic University (TPU) ; Institute of Electrical and Electronics Engineers (IEEE)  |v [P. 126-127]  |d 2005 
610 1 |a электронный ресурс 
610 1 |a труды учёных ТПУ 
610 1 |a электронно-лучевая наплавка 
610 1 |a покрытия 
610 1 |a сплавление 
700 1 |a Darenskaya  |b E. A.  |c specialist in the field of material science  |c Associate Professor of Tomsk Polytechnic University, Candidate of technical sciences  |c maiden name Ivanova  |f 1982-  |g Elena Anatolievna  |3 (RuTPU)RU\TPU\pers\33039  |9 16874 
701 1 |a Narkevich  |b N. A. 
701 1 |a Mironov  |b Ju. P. 
801 2 |a RU  |b 63413507  |c 20170404  |g RCR 
856 4 |u https://doi.org/10.1109/SPCMTT.2005.4493219 
942 |c CF